00214nam a2200073Ia 4500008004100000245004200041260004100083300001600124151021s9999 xx 000 0 und d a_National Developmemt Plan 1997-2001  aNairobi : Government Printers, 1997  axvi,254 p.